000 00263nam a2200109Ia 4500
008 190216s9999||||xx |||||||||||||| ||und||
100 _aSoviet Nad
245 0 _aIndira Gandik Soviet Adaranjali
260 _bGrenda Shala
650 _aEssay Malayalam
942 _cBK
999 _c25650
_d25650